|
|
|
|
| LEADER |
01324cam a2200265 i 4500 |
| 001 |
1762054 |
| 003 |
GR-PaULI |
| 005 |
20210607112158.0 |
| 008 |
770628s1980 fr b 000 0 fre |
| 952 |
|
|
|0 0
|1 0
|2 ddc
|4 0
|6 304_500000000000000_SAH
|7 0
|9 325667
|a LISP
|b LISP
|c DON
|d 2021-06-07
|e ΓΑΛ
|i 144214
|l 0
|o 304.5 SAH
|p 025000270344
|r 2021-06-07 00:00:00
|t 1
|w 2021-06-07
|y BKN
|
| 999 |
|
|
|c 182858
|d 182858
|
| 040 |
|
|
|a DLC
|c GR-PaULI
|d
|b gre
|e AACR2
|
| 082 |
0 |
4 |
|a 304.5
|2 23
|
| 100 |
1 |
|
|a Sahlins, Marshall David
|d 1930-
|9 149002
|e συγγραφέας.
|
| 245 |
1 |
0 |
|a Critique de la sociobiologie :
|b aspects anthropologiques /
|c Marshall Sahlins ; traduit de l'anglais par Jean-Francois Roberts.
|
| 260 |
|
|
|a Paris :
|b Gallimard,
|c 1980.
|
| 300 |
|
|
|a 192 σ. ;
|c 81 εκ.
|
| 490 |
1 |
|
|a Bibliotèque des sciences humaines (Gallimard)
|
| 500 |
|
|
|a Τίτλος πρωτοτύπου: The use and abuse of biology : an anthropological critique of sociobiology.
|
| 504 |
|
|
|a Περιλαμβάνει βιβλιογραφικές παραπομπές.
|
| 650 |
|
4 |
|a Κοινωνιοβιολογία
|9 10874
|
| 765 |
|
|
|i Μετάφραση του:
|t The use and abuse of biology : an anthropological critique of sociobiology.
|
| 830 |
|
0 |
|9 186301
|a Bibliotèque des sciences humaines (Gallimard)
|
| 942 |
|
|
|2 ddc
|c BKN
|
| 998 |
|
|
|c ΜΠΟΥΡΑΣ
|d 2021-06
|